000 00614nam a2200241Ia 4500
003 OSt
005 20230524114337.0
008 210423s2012 xx 000 0 und d
020 _a978-81-7625-823-4
040 _cAL
041 _aeng
082 _a330.09 SCHH
_223
100 _aSCHUMPETER (Joseph A)
_9112223
245 _aHistory of economic analysis V1
260 _aNew Delhi
_bSarup & sons
_c2012
300 _axi,672
_bPB
365 _b5600
_cINR
440 _v1
650 _aEconomics
_9112224
650 _aEconomics
_9112224
906 _aanalysis ; economic ; History ; V1
942 _2ddc
_cBK
999 _c165405
_d165405